[Event "Asia-ch U20"]
[Site "New Delhi"]
[Date "2016.05.05"]
[Round "3"]
[White "Dangol, Bijaya"]
[Black "Chakravarthi, Reddy M"]
[Result "0-1"]
[WhiteElo "1849"]
[BlackElo "2254"]
[PlyCount "108"]
[EventDate "2016.05.04"]
[EventType "swiss"]
[EventRounds "9"]
[EventCountry "IND"]
[SourceTitle "CBM 172 Extra"]
[Source "ChessBase"]
[SourceDate "2016.06.21"]
[SourceVersion "1"]
[SourceVersionDate "2016.06.21"]
[SourceQuality "1"]

1. e4 e6 2. d4 d5 3. exd5 exd5 4. Nf3 Nc6 5. Bd3 Bd6 6. 0-0 Nge7 7. Bg5 f6 8. Be3 Be6 9. Nbd2 Qd7 10. a3 g5 11. c4 dxc4 12. Nxc4 0-0-0 13. Re1 Nd5 14. Nxd6+ Qxd6 15. Qc2 Kb8 16. Rac1 Bg4 17. Nd2 Nxe3 18. fxe3 Nxd4 19. exd4 Qxd4+ 20. Kh1 Qxd3 21. Qxc7+ Ka8 22. Ne4 Rc8 23. Qe7 Rxc1 24. Rxc1 Qe3 25. Rg1 Rc8 26. Qb4 Rc1 27. Nf2 Rxg1+ 28. Kxg1 Qc1+ 29. Nd1 Qxd1+ 30. Kf2 Qe2+ 31. Kg3 Bc8 32. h3 Qe5+ 33. Kf3 h5 34. g4 hxg4+ 35. hxg4 Qd5+ 36. Ke3 Qe6+ 37. Kf3 Qxg4+ 38. Qxg4 Bxg4+ 39. Kxg4 b5 40. Kf5 Kb7 41. b3 Kc6 42. Kg4 Kd5 43. Kf5 a5 44. a4 b4 45. Kg4 Ke4 46. Kg3 f5 47. Kf2 f4 48. Ke2 g4 49. Kf2 f3 50. Kf1 g3 51. Kg1 Ke3 52. Kf1 g2+ 53. Kg1 Ke2 54. Kh2 Kf2 0-1